Wichtige Daten Teil 1 - Statistiken

Allgemein
  • Dieses Quiz wurde 45 mal gespielt
  • Das Durchschnittsergebnis liegt bei 4 aus 55
Antwortstatistiken
Hint Antwort % Korrekt
753 v. Gründung Roms
44%
1618-1648 30-Jähriger Krieg
38%
1492 Entdeckung Amerikas
38%
10000 v. Jungsteinzeit
25%
27v. C.-14n. C. Augustus
19%
44 v. C. Ermordung Caesars
19%
1096-13.Jhd. Kreuzzüge
19%
Ca 2Mio Jahre Altsteinzeit
13%
800 Kaiserkrönung Karl des Großen
13%
768 Karl der Große wird Fränkischer König
13%
8./9. Jh. Karolinger
13%
4000 v. Metallzeit
13%
510-27. v. Römische Republik
13%
11.Jh. Salier
13%
12.Jh. Staufer
13%
1648 Westfälischer Frieden
13%
776 v. C. 1. Olympischen Spiele
6%
1661-1715 Absolutismus
6%
ab 594 v. Attische Demokratie
6%
1525 Bauernkriege
6%
443-429 v. Blütezeit der attischen Polis
6%
1. Jh. v. Caesar
6%
391 Christentum wird Staatsreligion
6%
498 Christianisierung Frankreichs
6%
711-1492 Eroberung und Besetzung Spaniens durch die Mauren
6%
622 Flucht/Auszug Mohammeds
6%
Ab 4000v. Frühe Hochkulturen in Ägypten und Mesopotamien
6%
750-550 v. Griechische Kolonisation
6%
962-1806 Heiliges Römisches Reich Deutscher Nation
6%
5. Jh. v. Perserkriege
6%
1348/49 Pestwelle in Europa
6%
395 Reichsteilung
6%
15.-17. Jhd Renaissance/Humanismus
6%
10.Jh. Sachsen
6%
476 n. C. Untergang Westroms
6%
ab 375 n. C. Völkerwanderungszeit der Germanischen Stämme
6%
1492 Wiedereroberung Granadas
6%
16. Jhd Aufstieg des Osmanischen Reiches
0%
1555 Augsburger Religionsfrieden
0%
1517 Beginn der Reformation
0%
13./14. Jhd. Beginn des Parlamentarismus in Europa
0%
1683 Belagerung Wiens durch türkische Truppen
0%
15.Jh. Blütezeit der Norditalienischen Handelsstädte
0%
1099 Eroberung Jerusalems
0%
1688/89 Glorious Revolution in England
0%
1356 Goldene Bulle
0%
Um 1450 Gutenberg, Erfindung des Buchdrucks
0%
13.-17.Jhd. Hanse
0%
1076-1122 Inventurstreit
0%
3.Jhd-2.Jh. v. Punischen Kriege
0%
962-1024 Sachsenherrschaft
0%
13. und 14. J Städtegründung in Europa
0%
1453 Untergang Oströmisches Reich
0%
1066 Wilhem der Eroberer erobert England und wird englischer König
0%
Ab 1500 Zeitalter der Entdeckungen
0%
Keine übereinstimmenden Quizze gefunden
Verteilung der Resultate
Anzahl Personen mit jedem Resultat
Perzentil nach korrekt beantworteten Fragen
Ihre Resultats-Entwicklung
Sie haben dieses Quiz noch nicht gespielt